• 首页
  • 本馆介绍
  • 公告通知
  • 最新文献
  • 馆藏检索
  • 电子资源
  • 读者导购
  • 参考咨询
  • 我的图书馆
  • 登录
  • 详细信息显示
  • 放入我的书架
  • 预约/预借图书
  • 作者相关作品
  • 分类相关作品
  • 丛书相关作品
  • 出版社相关作品

书目信息

  • 表格格式
  • 工作单格式
  • 卡片格式
题名:
恰恰舞
    
 
作者: 张颖 主编
分册:  
出版信息: 长春   吉林出版集团股份有限公司  2020
页数: 122页
开本: 23cm
丛书名: 全民健身计划系列丛书
单 册:
中图分类: J732.82 , J7
科图分类:
主题词: 恰恰舞--qia qia wu , 舞蹈
电子资源:
ISBN: 978-7-5581-7965-5
000 00906nam 2200289 450
001 2372723478
005 20231120222302.94
010    @a978-7-5581-7965-5@dCNY36.00
100    @a20210316d2020 em y0chiy50 ea
101 0  @achi
102    @aCN@b220000
105    @aak z 000yy
200 1  @a恰恰舞@Aqia qia wu@f张颖主编
210    @a长春@c吉林出版集团股份有限公司@d2020
215    @a122页@c图 (部分彩图)@d23cm
225 2  @a全民健身计划系列丛书@Aquan min jian shen ji hua xi lie cong shu
312    @a英文并列正题名取自封面
330    @a本书综合介绍有关恰恰舞的知识和技能。全书内容共分四章,包括:运动保健、基本技术、比赛规则等。
410  0 @12001 @a全民健身计划系列丛书
510 1  @aCha-cha@zeng
606 0  @a恰恰舞@Aqia qia wu
606 0  @a舞蹈
690    @aJ732.82@v5
690    @aJ7@v4
701  0 @a张颖@Azhang ying@4主编
801  0 @aCN@b山东中教@c20230926
905    @aBZT@dJ7@e11
    
    恰恰舞/张颖主编.-长春:吉林出版集团股份有限公司,2020
    122页:图 (部分彩图);23cm.-(全民健身计划系列丛书)
    
    
    ISBN 978-7-5581-7965-5:CNY36.00
    本书综合介绍有关恰恰舞的知识和技能。全书内容共分四章,包括:运动保健、基本技术、比赛规则等。
●
相关链接 在五车中查询图书 在当当中查询图书 在豆瓣中查询图书


正题名:恰恰舞     索取号:J7/11         预约/预借

序号 登录号 条形码 馆藏地/架位号 状态 备注
1 2000951865   2000951865   第四书库/四35架A面1层3列/ [索取号:J7/11] 在馆    
2 2000951866   2000951866   第四书库/四35架A面1层3列/ [索取号:J7/11] 在馆    
3 2000951867   2000951867   第四书库/四35架A面1层3列/ [索取号:J7/11] 在馆    
4 2000951868   2000951868   第四书库/四35架A面1层3列/ [索取号:J7/11] 在馆    
5 2000951869   2000951869   第四书库/四35架A面1层3列/ [索取号:J7/11] 在馆    
6 2000951870   2000951870   第四书库/四35架A面1层3列/ [索取号:J7/11] 在馆    
山东省滨州职业学院图书馆 欢迎您!
大连网信软件有限公司© 版权所有